000 00607nam a2200145 a 4500
008 080516s2001 ||||||||||||||||| || u
050 _aTHESIS
100 _aMalijani, Paul Z
245 1 0 _aEvironmental management in the construction process: acase for Zambia
260 _aKitwe
_bCopperbelt University, School of Built Environment, Department of Building
_c2001
350 _a0.00
500 _aMaster of Business Administration
650 _aBUILDING
995 _D0.00
_FCBU-MAIN LIBRARY (Kitwe)
_H1
_I0.00
_M1
_UAVAILABLE
_WMay 16, 2008
_ZUniversity Collection
999 _c42772
_d42772